Report Of The Joint Committee On Finance And Food, Agriculture & Cocoa Affairs On The Loan Agreement Between GOG And Agence Francaise De Development (AFD) And Kreditanstal Fur Wiederaufbau (KFW) For And Amount Of Euros €23,400,000.00 For Financing The Promotion Of Perennial Crops (Rubber, Oil Palm And Coconut) In Ghana 2006. (Record no. 4419)
[ view plain ]
| 000 -LEADER | |
|---|---|
| fixed length control field | 00884nam a22001697a 4500 |
| 003 - CONTROL NUMBER IDENTIFIER | |
| control field | OSt |
| 005 - DATE AND TIME OF LATEST TRANSACTION | |
| control field | 20250701105727.0 |
| 008 - FIXED-LENGTH DATA ELEMENTS--GENERAL INFORMATION | |
| fixed length control field | 240829b |||||||| |||| 00| 0 eng d |
| 041 ## - LANGUAGE CODE | |
| Language code of text/sound track or separate title | English |
| 082 ## - DEWEY DECIMAL CLASSIFICATION NUMBER | |
| Classification number | CR/AFD/06 Acc.no.:9669 |
| 110 ## - MAIN ENTRY--CORPORATE NAME | |
| Corporate name or jurisdiction name as entry element | Parliament Of The Fourth Republic Of Ghana |
| 245 ## - TITLE STATEMENT | |
| Title | Report Of The Joint Committee On Finance And Food, Agriculture & Cocoa Affairs On The Loan Agreement Between GOG And Agence Francaise De Development (AFD) And Kreditanstal Fur Wiederaufbau (KFW) For And Amount Of Euros €23,400,000.00 For Financing The Promotion Of Perennial Crops (Rubber, Oil Palm And Coconut) In Ghana 2006. |
| 260 ## - PUBLICATION, DISTRIBUTION, ETC. | |
| Place of publication, distribution, etc. | Accra |
| Name of publisher, distributor, etc. | Parliament Of The Fourth Republic Of Ghana |
| Date of publication, distribution, etc. | 26th July,2006 |
| 300 ## - PHYSICAL DESCRIPTION | |
| Extent | 6p., tabs.; |
| 653 ## - INDEX TERM--UNCONTROLLED | |
| Uncontrolled term | Euros23,400,000.00 For Financing The Promotion Of Perennial Crops (Rubber, Oil Palm And Coconut) In Ghana 2006. |
| 942 ## - ADDED ENTRY ELEMENTS (KOHA) | |
| Source of classification or shelving scheme | Dewey Decimal Classification |
| Koha item type | Reports |
| Suppress in OPAC | No |
No items available.